|
|
|
|
| LEADER |
00000nab a2200000 a 4500 |
| 001 |
vtls010058923 |
| 003 |
SK-MaSNL |
| 005 |
20260303222108.0 |
| 008 |
140512c2010 xo mr|p||||||||00 ||slo |
| 015 |
|
|
|a SNBRB2010/01
|2 snkbucl
|
| 038 |
|
|
|a SNKBUCL
|
| 040 |
|
|
|a SNKBUCL
|b slo
|e AACR2
|c SNKBUCL
|
| 041 |
0 |
|
|a slo
|
| 044 |
|
|
|a xo
|c SK
|
| 080 |
|
|
|a 61-051
|2 2001
|
| 080 |
|
|
|a 929 Virsík, Karol
|2 2001
|
| 100 |
1 |
|
|a Križka, Teodor,
|d 1956-
|4 aut
|9 206539
|
| 245 |
1 |
0 |
|a Chvála bolesti
|b za profesorom MUDr. Karolom Virsíkom, DrSc
|c Teodor Križka
|
| 300 |
|
|
|b Fotogr.
|
| 600 |
1 |
7 |
|a Virsík, Karol,
|d 1915-2009
|2 snkbucl
|9 86751
|
| 655 |
|
7 |
|a slovenská poézia
|2 snkbucl
|9 70444
|
| 655 |
|
7 |
|a dedikačná poézia
|2 snkbucl
|9 240053
|
| 655 |
|
7 |
|a nekrológy
|2 snkbucl
|9 402542
|
| 773 |
0 |
|
|t Kultúra
|g Roč. XIII, č. 1 (2010), s. 11
|x 1335-3470
|
| 852 |
|
|
|a SNK
|b KIS3GCP
|
| 856 |
4 |
1 |
|u http://www.kultura-fb.sk/new/old/archive/pdf/kult0110.pdf
|
| 958 |
|
|
|a LX
|
| 958 |
|
|
|a BX
|
| 999 |
|
|
|c 2238220
|d 2240150
|